| 000 | 00922pam a22002894a 4500 | ||
|---|---|---|---|
| 008 | |||
| 020 | _a0443074070 (pbk.) | ||
| 049 | _aMAIN | ||
| 090 |
_aRD734 _bMCR |
||
| 100 | 1 | _aMcRae, Ronald. | |
| 245 | 1 | 0 |
_aClinical orthopaedic examination / _cRonald McRae ; with original drawings by the author. |
| 250 | _a5th ed. | ||
| 260 |
_aEdinburgh : _bChurchill Livingstone, _c2004. |
||
| 300 |
_a318 p. : _bill. ; _c24 cm. |
||
| 500 | _aIncludes index. | ||
| 650 | 0 |
_aOrthopedics _xDiagnosis. |
|
| 650 | 0 |
_aMusculoskeletal system _xExamination. |
|
| 650 | 1 | 2 |
_aBone Diseases _xdiagnosis _vAtlases. |
| 650 | 1 | 2 |
_aJoint Diseases _xdiagnosis _vAtlases. |
| 650 | 2 | 2 |
_aOrthopedic Procedures _vAtlases. |
| 650 | 2 | 2 |
_aPhysical Examination _vAtlases. |
| 907 |
_a.b1021348x _b20-07-12 _c05-09-06 |
||
| 003 | |||
| 005 | 20230120204011.0 | ||
| 040 | _cNUST | ||
| 942 |
_cBOOKS _kRD734 _mMCR |
||
| 999 |
_c115348 _d115348 |
||